000 00560nam a2200193Ia 4500
005 20260120132114.0
008 008 260114s9999 xx 000 0 eng d
020 _a9781383015669
037 _aEBOOK
040 _aCRL
_beng
_cCRL
041 _aeng
_2eng
084 _qCRL
100 _aMaher
_9934996
245 0 _aSexed Work Gender, Race and Resistance in a Brooklyn Drug Market
260 _bOxford University PressOxford University Press
_c2023
856 _uhttps://academic.oup.com/book/50541
942 _cEBOOK
999 _c1526919
_d1526919